Loading...
| Fine Arts - Other | 0 | 2 | 0 | 1 | 20 | 47 | 73.00 | 0 | 0 | 7.04 | 4.29 |
| Literature - World | 0 | 2 | 0 | 0 | 20 | 82 | 84.50 | 0 | 0 | 5.11 | 8.04 |
| Pop Culture | 0 | 1 | 0 | 0 | 10 | 92 | 92.00 | 0 | 0 | 3.56 | 2.08 |
| History - Other | 0 | 1 | 0 | 0 | 10 | 99 | 99.00 | 0 | 0 | 0.75 | 2.86 |
| History - World | 0 | 1 | 0 | 0 | 10 | 56 | 56.00 | 0 | 0 | 5.25 | 3.75 |
| Geography | 0 | 1 | 1 | 0 | 5 | 60 | 60.00 | 0 | 0 | 12.70 | 18.75 |
| Science - Biology | 0 | 1 | 1 | 0 | 5 | 43 | 43.00 | 0 | 1 | 5.52 | 8.75 |
| Science - Chemistry | 0 | 0 | 1 | 0 | -5 | 0.00 | 0 | 0 | 0.00 | 0.00 | |
| History - European | 0 | 0 | 1 | 0 | -5 | 0.00 | 0 | 0 | 0.00 | 0.00 | |
| Current Events | 0 | 0 | 1 | 0 | -5 | 0.00 | 0 | 0 | 0.00 | 0.00 |